<?xml version="1.0" encoding="UTF-8"?>
<collection xmlns="http://www.loc.gov/MARC21/slim">
 <record>
  <leader>01700nam a2200217Ia 4500</leader>
  <controlfield tag="001">CTU_184571</controlfield>
  <controlfield tag="008">210402s9999    xx            000 0 und d</controlfield>
  <datafield tag="082" ind1=" " ind2=" ">
   <subfield code="a">628.536</subfield>
  </datafield>
  <datafield tag="082" ind1=" " ind2=" ">
   <subfield code="b">M312</subfield>
  </datafield>
  <datafield tag="088" ind1=" " ind2=" ">
   <subfield code="a">60640101</subfield>
  </datafield>
  <datafield tag="100" ind1=" " ind2=" ">
   <subfield code="a">Mai, Nhựt Minh</subfield>
  </datafield>
  <datafield tag="245" ind1=" " ind2="0">
   <subfield code="a">Khảo sát một số chỉ tiêu vi sinh vật trên thịt gia cầm tại lò giết mổ tập trung Phương Nam và phân phối ở chợ Bạch Đằng Thành Phố Trà Vinh tỉnh Trà Vinh :</subfield>
  </datafield>
  <datafield tag="245" ind1=" " ind2="0">
   <subfield code="b">Luận văn tốt nghiệp cao học. Ngành thú y</subfield>
  </datafield>
  <datafield tag="245" ind1=" " ind2="0">
   <subfield code="c">Mai Nhựt Minh ; Lưu Hữu Mãnh người hướng dẫn</subfield>
  </datafield>
  <datafield tag="260" ind1=" " ind2=" ">
   <subfield code="a">Cần Thơ</subfield>
  </datafield>
  <datafield tag="260" ind1=" " ind2=" ">
   <subfield code="b">Đại học Cần Thơ</subfield>
  </datafield>
  <datafield tag="260" ind1=" " ind2=" ">
   <subfield code="c">2013</subfield>
  </datafield>
  <datafield tag="520" ind1=" " ind2=" ">
   <subfield code="a">Nội dung của đề tài nghiên cứu là đánh giá hiện trạng vệ sinh thú y ow cơ sở giết mổ gia cầm Phương Nam và chợ Bạch Đằng theo thông tư số 14/2011/ TT-BNNPTNT ngày 29/03/2011 Quy định việc kiểm tra, đánh giá cơ sở sản xuất kinh doanh vật tư nông nghiệp và sản phẩm nông lâm thủy sản và nghị định 33/2005/NĐ-CP. Đồng thời cũng đánh giá tình hình vấy nhiễm các chỉ tiêu vi sinh vật trên thịt gia cầm ở lò giết mổ. Đánh giá chất lượng quầy thịt gia cầm theo tiêu chuẩn Việt Nam về kiểm định thịt tươi.</subfield>
  </datafield>
  <datafield tag="650" ind1=" " ind2=" ">
   <subfield code="a">Environmental engineering,Kỹ thuật môi trường</subfield>
  </datafield>
  <datafield tag="904" ind1=" " ind2=" ">
   <subfield code="i">Nguyễn Thị Kiều Oanh</subfield>
  </datafield>
  <datafield tag="980" ind1=" " ind2=" ">
   <subfield code="a">Trung tâm Học liệu Trường Đại học Cần Thơ</subfield>
  </datafield>
 </record>
</collection>
